Organizacje Harcerskie w Polsce - Statystyki

Ogólne statystyki
  • Ten quiz został rozwiązany 178 razy
  • Średni wynik to 3 z 15
Statystyki odpowiedzi
Podpowiedź Nazwa Organizacji % Poprawnych
Największa organizacja harcerska w Polsce, powstała 1 listopada 1918 roku. Zrzeszająca ponad 100 tysięcy harcerzy. Związek Harcerstwa Polskiego
99%
Powołana 12 lutego 1989. Druga co do wielkości organizacja harcerska w Polsce. Związek Harcerstwa Rzeczypospolitej
99%
Organizacja harcerska nawiązująca do skautingu katolickiego ojca Sevina, jezuity. Powstała 2 grudnia 1989. Stowarzyszenie Harcerstwa Katolickiego „Zawisza” Federacja Skautingu Europejskiego
41%
Organizacja harcerska powstała 15 kwietnia 1996 jako organizacja harcerska kontynuująca pracę Śródmiejskiego Hufca Harcerek ZHP i Śródmiejskiego Hufca Harcerzy ZHP. Stowarzyszenie Harcerskie
18%
Jednostka organizacyjna Kościoła Adwentystów Dnia Siódmego w Rzeczypospolitej Polskiej, powołana do pracy wychowawczej z dziećmi i młodzieżą metodą harcerską. Związek Harcerstwa Adwentystycznego
13%
Organizacja harcerska powołana 6 lutego 1996 roku. Skupia dzieci mieszkające na wsi i w małych miastach. Związek Harcerstwa Wiejskiego
8%
Organizacja harcerska, będąca częścią międzynarodowej chrześcijańskiej organizacji skautowej RR. Royal Rangers Polska
6%
Organizacja Harcerska powstała 8 stycznia 1990 r. W chwili obecnej działa na terenie Gdańska i Gdyni. Niezależny Krąg Instruktorów Harcerskich Leśna Szkółka
4%
Organizacja harcerska działająca na terenie Trójmiasta i okolic, skupiająca w swoich szeregach około 150 zuchów, harcerek i harcerzy. Krąg Harcerski „Drzewo Pokoju”, Samodzielny Hufiec Harcerski
3%
Organizacja założona w 1990 roku. Działa głównie na terenie województwa warmińsko-mazurskiego. Harcerski Ruch Ochrony Środowiska im. św. Franciszka z Asyżu
2%
Organizacja założona 18 maja 1990 roku. Działa na terenie miasta i gminy Skawina. Niezależny Związek Harcerstwa „Czerwony Mak”
1%
Niewielka, lokalna organizacja harcerska, założona w 1993 roku, działa współcześnie w Jarocinie i jego okolicach. Organizacja Harcerska „Rodło”
1%
Organizacja wychowawcza stosująca metodę skautingu katolickiego, założoną 27 grudnia 2008 roku. Skauci Świętego Bernarda z Clairvaux
1%
Organizacja (Szczep) założony w 1973 roku. Działający na terenie Krakowa. Szczep Czerwonych Maków im. Bohaterów Monte Cassino
1%
Organizacja harcerska działająca na terenie Kaszub. Bractwo Kaszubskich Skautów
0%
Nie znaleziono quizów pasujących do podanych kryteriów
Rozkład punktacji
Procent ludzi z każdym wynikiem
Percentyl według liczby udzielonych odpowiedzi
Twoja historia wyników
Nie rozwiązałeś tego quizu